| 000 | 00595nam a2200205 a 4500 | ||
|---|---|---|---|
| 005 | 20240913063817.0 | ||
| 008 | 991125s1975 es 000 0 spa u | ||
| 020 | _a8472222217 | ||
| 035 | _aUPN01000000968 | ||
| 049 | _aCG | ||
| 050 | 4 |
_aGN307.85 S3 _bM4.28 |
|
| 100 | 1 |
_aMead, Margaret, _d1901-1978 |
|
| 245 | 1 | 0 |
_aAdolescencia, sexo y cultura en Samoa / _cMargaret Mead ; tr. E. L. |
| 260 |
_aBarcelona, Esp. : _bLaia, _c1975. |
||
| 300 | _a280 p. | ||
| 440 | 0 |
_aEdiciones de bolsillo ; _v197 |
|
| 650 | 4 |
_aAntropología _zSamoa, islas _94776 |
|
| 650 | 2 |
_aAntropología _94499 |
|
| 905 | _aLibro | ||
| 999 |
_c968 _d968 |
||